| 000 | 01222nam a2200301Ia 4500 | ||
|---|---|---|---|
| 001 | ebr10167440 | ||
| 003 | CaPaEBR | ||
| 006 | m u | ||
| 007 | cr cn||||||||| | ||
| 008 | 060324s2006 nyu sb 001 0 eng d | ||
| 010 | _z 2006043789 | ||
| 020 | _z1403968578 (alk. paper) | ||
| 040 |
_aCaPaEBR _cCaPaEBR |
||
| 035 | _a(OCoLC)191662021 | ||
| 050 | 1 | 4 |
_aJQ750.A91 _bF74 2006eb |
| 082 | 0 | 4 |
_a320.959 _222 |
| 100 | 1 | _aFreedman, Amy L. | |
| 245 | 1 | 0 |
_aPolitical change and consolidation _h[electronic resource] : _bdemocracy's rocky road in Thailand, Indonesia, South Korea, and Malaysia / _cby Amy L. Freedman. |
| 260 |
_aNew York : _bPalgrave Macmillan, _cc2006. |
||
| 300 | _axvi, 184 p. | ||
| 504 | _aIncludes bibliographical references and index. | ||
| 533 |
_aElectronic reproduction. _bPalo Alto, Calif. : _cebrary, _d2007. _nAvailable via World Wide Web. _nAccess may be limited to ebrary affiliated libraries. |
||
| 650 | 0 |
_aDemocracy _zSoutheast Asia. |
|
| 650 | 0 |
_aDemocracy _zKorea (South) |
|
| 655 | 7 |
_aElectronic books. _2local |
|
| 710 | 2 | _aebrary, Inc. | |
| 856 | 4 | 0 |
_uhttp://site.ebrary.com/lib/rucke/Doc?id=10167440 _zAn electronic book accessible through the World Wide Web; click to view |
| 999 |
_c246961 _d246961 |
||